Electromagnetic compossibility : applied principles of cost- effective control of electromagnetic interference and hazards /

Bibliographic Details
Main Author: Schlicke, Heinz M.
Format: Book
Language:English
Published: New York : M. Dekker, [1982]
Edition:2nd ed., rev. and expanded.
Series:Electrical engineering and electronics ; 16.
Subjects:

MARC

Tag First Indicator Second Indicator Subfields
LEADER 00000pam a2200000 a 4500
001 in00000092356
005 20150923132115.0
008 820308s1982 nyua b 00110 eng
010 |a  82002499  
020 |a 0824718879 
035 |a (OCoLC)08306292 
035 |9 AAK7439AM 
039 0 |a 2  |b 3  |c 3  |d 3  |e 3 
040 |a DLC  |c DLC  |d TXA  |d UtOrBLW 
049 |a TXAM  |c [1633343] 
050 0 0 |a TK7835  |b  S277 1982 
082 0 |a 629.8/95  |2 19 
100 1 |a Schlicke, Heinz M. 
245 1 0 |a Electromagnetic compossibility :  |b applied principles of cost- effective control of electromagnetic interference and hazards /  |c Heinz M. Schlicke. 
250 |a 2nd ed., rev. and expanded. 
264 1 |a New York :  |b M. Dekker,  |c [1982] 
264 4 |c ©1982 
300 |a xxvi, 290 pages :  |b illustrations ;  |c 24 cm. 
336 |a text  |b txt  |2 rdacontent 
337 |a unmediated  |b n  |2 rdamedia 
338 |a volume  |b nc  |2 rdacarrier 
490 1 |a Electrical engineering and electronics ;  |v 16 
504 |a Includes bibliographical references and index. 
650 0 |a Electromagnetic compatibility. 
650 0 |a Electromagnetic interference. 
830 0 |a Electrical engineering and electronics ;  |v 16. 
999 |a MARS 
999 f f |s 15f67527-82f8-3a4a-b2e9-d54aebbb69d2  |i 061621db-ffea-35aa-8be0-44768f2270ae  |t 0 
952 f f |p ric  |a Texas A&M University  |b Rellis Campus  |c Joint Library Facility  |d Remote Storage  |t 0  |e TK7835 S277 1982  |h Library of Congress classification  |i unmediated -- volume  |m A14806007683 
998 f f |a TK7835 S277 1982  |t 0  |l Remote Storage